| 000 | 00503nab a2200145Ia 4500 | ||
|---|---|---|---|
| 003 | ES-SlBCS | ||
| 005 | 20220512172143.0 | ||
| 008 | 140529s1965 xxu||||| |||| 00| 0 ita d | ||
| 041 | _aita | ||
| 100 | 1 |
_aRaschini, Maria Adelaide _959783 |
|
| 245 | 0 | 2 |
_aA proposito di una interpretazione della filosofia dell'integralità _c Maria Adelaide Raschini |
| 650 | 0 | 4 |
_aFilosofía de la Integralidad _9199663 |
| 773 | 0 |
_tGiornali di Metafisica _gvol. 20, nº. 1-2, 1965, págs. 163-175 _w0017-0372 |
|
| 942 | _cAR | ||
| 999 |
_c586971 _d586971 |
||